Normal view
MARC view
Entry Personal Name
001 - CONTROL NUMBER
- control field: 50062
003 - CONTROL NUMBER IDENTIFIER
- control field: OSt
005 - DATE AND TIME OF LATEST TRANSACTION
- control field: 20250116103806.0
008 - FIXED-LENGTH DATA ELEMENTS
- fixed length control field: 250116|| aca||aabn | a|a d
040 ## - CATALOGING SOURCE
- Original cataloging agency: OSt
- Transcribing agency: OSt
100 ## - HEADING--PERSONAL NAME
- Personal name: Delacrétaz, D., Kominers, S.D. and Teytelboym, A.
670 ## - SOURCE DATA FOUND
- Source citation: Work cat.: (OSt)525331: Delacrétaz, D., Kominers, S.D. and Teytelboym, A. , Matching mechanisms for refugee resettlement
